College mathematics for management, life, and social sciences / (Record no. 179986)

000 -LEADER
fixed length control field 01235 a2200217 4500
003 - CONTROL NUMBER IDENTIFIER
control field NUST
005 - DATE AND TIME OF LATEST TRANSACTION
control field 20221028125703.0
010 ## - LIBRARY OF CONGRESS CONTROL NUMBER
LC control number 77021180
020 ## - INTERNATIONAL STANDARD BOOK NUMBER
International Standard Book Number 0895170000
040 ## - CATALOGING SOURCE
Transcribing agency Nust
082 00 - DEWEY DECIMAL CLASSIFICATION NUMBER
Classification number 510,BAR
100 1# - MAIN ENTRY--PERSONAL NAME
Personal name Barnett, Raymond A.
9 (RLIN) 101628
245 10 - TITLE STATEMENT
Title College mathematics for management, life, and social sciences /
Statement of responsibility, etc. Raymond A. Barnett.
260 ## - PUBLICATION, DISTRIBUTION, ETC.
Place of publication, distribution, etc. San Francisco :
Name of publisher, distributor, etc. Dellen Pub. Co.,
Date of publication, distribution, etc. c1978.
300 ## - PHYSICAL DESCRIPTION
Extent xii, 641 p. :
Other physical details ill. ;
Dimensions 24 cm.
505 ## - FORMATTED CONTENTS NOTE
Formatted contents note Review: Sets and Algebra (Page-1), Review: Graphs and Functions (Page-49), Systems of Linear Equations: Matrices (Page-99), Systems of Linear Inequalities Linear Programming (Page-147), Mathematics of Finance (Page-189), Probability (Page-223), Probability (Page-223), Additional Topics in Probability (Page-263), Data Description and Probability Distributions (Page-309), The Derivative (Page-355), Additional Topics on the Derivative (Page-417), Integration (Page-469), Logarithmic and Exponential Functions and Related Topics (Page-525), Multivariable Calculus-Differentiation (Page-565), Tables (Page-587).
650 #0 - SUBJECT ADDED ENTRY--TOPICAL TERM
Topical term or geographic name entry element Biomathematics.
9 (RLIN) 101629
650 #0 - SUBJECT ADDED ENTRY--TOPICAL TERM
Topical term or geographic name entry element Mathematics.
650 #0 - SUBJECT ADDED ENTRY--TOPICAL TERM
Topical term or geographic name entry element Social sciences
General subdivision Mathematics.
9 (RLIN) 101630
942 ## - ADDED ENTRY ELEMENTS (KOHA)
Source of classification or shelving scheme
Koha item type Book
Call number prefix 510,BAR
Holdings
Withdrawn status Lost status Source of classification or shelving scheme Damaged status Not for loan Permanent Location Current Location Shelving location Date acquired Full call number Barcode Date last seen Price effective from Koha item type Public note
          Military College of Signals (MCS) Military College of Signals (MCS) General Stacks 12/12/2016 510,BAR MCS7133 12/08/2016 12/12/2016 Book Bank Almirah No. A/135, Shelf No.3
© 2023 Central Library, National University of Sciences and Technology. All Rights Reserved.